[Event "Blitz 2018"]
[Site "Saint-Petersburg"]
[Date "2018.12.29"]
[Round "7"]
[Board "76"]
[White "Najer Evgeniy (RUS)"]
[Black "Belyakov Bogdan (RUS)"]
[Result "1-0"]
[LiveChessVersion "1.4.8"]
[BlackElo "2448"]
[WhiteElo "2573"]

1. e4 {[%clk 0:02:22]} e5 {[%clk 0:02:59]} 2. Nf3 {[%clk 0:02:23]} Nc6
{[%clk 0:02:59]} 3. Bc4 {[%clk 0:02:23]} Bc5 {[%clk 0:02:58]} 4. c3
{[%clk 0:02:23]} Nf6 {[%clk 0:02:59]} 5. d4 {[%clk 0:02:24]} exd4
{[%clk 0:02:59]} 6. e5 {[%clk 0:02:25]} d5 {[%clk 0:03:00]} 7. Bb5
{[%clk 0:02:25]} Ne4 {[%clk 0:03:01]} 8. cxd4 {[%clk 0:02:26]} Bb6
{[%clk 0:03:02]} 9. Be3 {[%clk 0:02:27]} O-O {[%clk 0:02:54]} 10. Nc3
{[%clk 0:02:27]} Bg4 {[%clk 0:02:51]} 11. h3 {[%clk 0:02:28]} Bh5
{[%clk 0:02:52]} 12. Qc2 {[%clk 0:02:30]} Bg6 {[%clk 0:02:50]} 13. Qb3
{[%clk 0:02:27]} Ne7 {[%clk 0:02:50]} 14. O-O {[%clk 0:02:24]} c6
{[%clk 0:02:23]} 15. Bd3 {[%clk 0:02:25]} Nxc3 {[%clk 0:02:20]} 16. Qxc3
{[%clk 0:02:24]} f6 {[%clk 0:01:59]} 17. exf6 {[%clk 0:02:15]} Rxf6
{[%clk 0:01:56]} 18. Bg5 {[%clk 0:02:06]} Rxf3 {[%clk 0:01:14]} 19. gxf3
{[%clk 0:02:05]} Qd6 {[%clk 0:01:08]} 20. Bxe7 {[%clk 0:01:53]} Qxe7
{[%clk 0:01:09]} 21. Bxg6 {[%clk 0:01:53]} hxg6 {[%clk 0:01:05]} 22. Rae1
{[%clk 0:01:47]} Qg5+ {[%clk 0:00:56]} 23. Kh1 {[%clk 0:01:48]} Rf8
{[%clk 0:00:57]} 24. Rg1 {[%clk 0:01:36]} Qh5 {[%clk 0:00:54]} 25. f4
{[%clk 0:01:23]} Rxf4 {[%clk 0:00:53]} 26. Re5 {[%clk 0:01:13]} Qh6
{[%clk 0:00:43]} 27. Reg5 {[%clk 0:00:39]} Bxd4 {[%clk 0:00:42]} 28. Qg3
{[%clk 0:00:29]} Rf6 {[%clk 0:00:39]} 29. Rg2 {[%clk 0:00:17]} Bxf2
{[%clk 0:00:38]} 30. Qg4 {[%clk 0:00:10]} Bb6 {[%clk 0:00:28]} 31. Kh2
{[%clk 0:00:04]} Bc7+ {[%clk 0:00:28]} 32. Kg1 {[%clk 0:00:05]} Bb6+
{[%clk 0:00:29]} 33. Kh2 {[%clk 0:00:06]} Bc7+ {[%clk 0:00:20]} 34. Kg1
{[%clk 0:00:07]} Bb6+ {[%clk 0:00:15]} 35. Kh2 {[%clk 0:00:09]} Bc7+
{[%clk 0:00:12]} 36. Kg1 {[%clk 0:00:10]} Kh7 {[%clk 0:00:12]} 37. Re2
{[%clk 0:00:05]} Rf4 {[%clk 0:00:10]} 38. Qg2 {[%clk 0:00:06]} Rh4
{[%clk 0:00:10]} 39. Re6 {[%clk 0:00:03]} Rxh3 {[%clk 0:00:08]} 40. Rexg6
{[%clk 0:00:04]} Bb6+ {[%clk 0:00:08]} 41. Kf1 {[%clk 0:00:05]} Rh1+
{[%clk 0:00:08]} 42. Ke2 {[%clk 0:00:07]} Qh2 {[%clk 0:00:00]} 43. Rxg7+
{[%clk 0:00:07]} 1-0

[Event "Blitz 2018"]
[Site "Saint-Petersburg"]
[Date "2018.12.29"]
[Round "7"]
[Board "77"]
[White "Borisenko Viacheslav (UKR)"]
[Black "Saric Ivan (CRO)"]
[Result "0-1"]
[LiveChessVersion "1.4.8"]
[BlackElo "2572"]
[WhiteElo "2444"]

1. e4 {[%clk 0:03:03]} g6 {[%clk 0:03:03]} 2. d4 {[%clk 0:03:05]} d6
{[%clk 0:03:05]} 3. h3 {[%clk 0:03:05]} Bg7 {[%clk 0:03:06]} 4. Nf3
{[%clk 0:03:04]} Nf6 {[%clk 0:03:06]} 5. Bd3 {[%clk 0:03:05]} O-O
{[%clk 0:03:07]} 6. O-O {[%clk 0:03:06]} Nc6 {[%clk 0:03:08]} 7. c3
{[%clk 0:03:07]} e5 {[%clk 0:03:09]} 8. Re1 {[%clk 0:03:09]} a5 {[%clk 0:03:10]}
9. a4 {[%clk 0:03:07]} Re8 {[%clk 0:03:07]} 10. d5 {[%clk 0:03:06]} Ne7
{[%clk 0:03:08]} 11. c4 {[%clk 0:02:51]} Nd7 {[%clk 0:03:08]} 12. Nfd2
{[%clk 0:02:47]} f5 {[%clk 0:03:02]} 13. Nc3 {[%clk 0:02:43]} Nc5
{[%clk 0:03:00]} 14. Bc2 {[%clk 0:02:41]} Rf8 {[%clk 0:02:50]} 15. Nb3
{[%clk 0:02:38]} Nxb3 {[%clk 0:02:50]} 16. Bxb3 {[%clk 0:02:39]} b6
{[%clk 0:02:50]} 17. f4 {[%clk 0:02:04]} exf4 {[%clk 0:02:43]} 18. Bxf4
{[%clk 0:02:04]} fxe4 {[%clk 0:02:39]} 19. Bg5 {[%clk 0:02:04]} h6
{[%clk 0:02:37]} 20. Bh4 {[%clk 0:01:51]} g5 {[%clk 0:02:38]} 21. Bf2
{[%clk 0:01:52]} Bf5 {[%clk 0:02:33]} 22. Nxe4 {[%clk 0:01:52]} Bxb2
{[%clk 0:02:32]} 23. Ng3 {[%clk 0:01:53]} Be5 {[%clk 0:02:17]} 24. Nxf5
{[%clk 0:01:40]} Nxf5 {[%clk 0:02:18]} 25. Ra2 {[%clk 0:01:36]} Qf6
{[%clk 0:02:17]} 26. Rf1 {[%clk 0:01:34]} Ng3 {[%clk 0:02:05]} 27. Re1
{[%clk 0:01:01]} Qf4 {[%clk 0:02:06]} 28. Qg4 {[%clk 0:00:47]} Ne2+
{[%clk 0:02:04]} 0-1

[Event "Blitz 2018"]
[Site "Saint-Petersburg"]
[Date "2018.12.29"]
[Round "7"]
[Board "78"]
[White "Teterev Vitaly (BLR)"]
[Black "Teske Henrik (GER)"]
[Result "1-0"]
[LiveChessVersion "1.4.8"]
[BlackElo "2565"]
[WhiteElo "2397"]

1. Nf3 {[%clk 0:03:03]} Nf6 {[%clk 0:03:02]} 2. g3 {[%clk 0:03:04]} d5
{[%clk 0:03:02]} 3. Bg2 {[%clk 0:03:05]} g6 {[%clk 0:03:03]} 4. O-O
{[%clk 0:03:05]} Bg7 {[%clk 0:03:04]} 5. d4 {[%clk 0:03:06]} O-O {[%clk 0:03:03]}
6. c4 {[%clk 0:03:07]} Nc6 {[%clk 0:02:58]} 7. cxd5 {[%clk 0:02:57]} Nxd5
{[%clk 0:02:58]} 8. e4 {[%clk 0:02:58]} Nb6 9. d5 Na5 {[%clk 0:02:53]} 10. Qe1
{[%clk 0:03:01]} Nac4 {[%clk 0:02:50]} 11. Nc3 {[%clk 0:03:02]} c6
{[%clk 0:02:45]} 12. dxc6 {[%clk 0:02:57]} bxc6 {[%clk 0:02:46]} 13. Qe2
{[%clk 0:02:27]} a5 {[%clk 0:02:40]} 14. Rd1 {[%clk 0:02:26]} Qc7
{[%clk 0:02:39]} 15. Bf4 {[%clk 0:02:25]} e5 {[%clk 0:02:33]} 16. Bc1
{[%clk 0:02:22]} a4 {[%clk 0:02:30]} 17. Qc2 {[%clk 0:02:15]} h6 {[%clk 0:02:24]}
18. Nb1 {[%clk 0:01:49]} Be6 {[%clk 0:02:19]} 19. Nbd2 {[%clk 0:01:46]} Nd6
{[%clk 0:01:53]} 20. b3 {[%clk 0:01:35]} Nb5 {[%clk 0:01:49]} 21. Bb2
{[%clk 0:01:20]} Rfd8 {[%clk 0:00:58]} 22. Rac1 {[%clk 0:01:19]} axb3
{[%clk 0:00:50]} 23. axb3 {[%clk 0:01:19]} Ra2 {[%clk 0:00:43]} 24. Qb1
{[%clk 0:01:11]} Ra7 {[%clk 0:00:42]} 25. Bf1 {[%clk 0:01:02]} Nd4
{[%clk 0:00:42]} 26. Bxd4 {[%clk 0:00:55]} exd4 {[%clk 0:00:41]} 27. Qc2
{[%clk 0:00:56]} Rc8 {[%clk 0:00:24]} 28. Nc4 {[%clk 0:00:50]} c5
{[%clk 0:00:24]} 29. Nxb6 {[%clk 0:00:44]} Qxb6 {[%clk 0:00:25]} 30. Bc4
{[%clk 0:00:46]} Bg4 {[%clk 0:00:23]} 31. Qd3 {[%clk 0:00:42]} Rd7
{[%clk 0:00:20]} 32. Kg2 {[%clk 0:00:39]} Bf8 {[%clk 0:00:17]} 33. h3
{[%clk 0:00:39]} Be6 {[%clk 0:00:15]} 34. Ne5 {[%clk 0:00:36]} Rb7
{[%clk 0:00:12]} 35. Rb1 {[%clk 0:00:26]} Bg7 {[%clk 0:00:11]} 36. Bxe6
{[%clk 0:00:26]} Qxe6 {[%clk 0:00:11]} 37. Nc4 {[%clk 0:00:27]} Bf8
{[%clk 0:00:12]} 38. Ra1 {[%clk 0:00:28]} Rcb8 {[%clk 0:00:13]} 39. Ra3
{[%clk 0:00:29]} Kh7 {[%clk 0:00:12]} 40. Rda1 {[%clk 0:00:30]} h5
{[%clk 0:00:11]} 41. h4 {[%clk 0:00:31]} Qg4 {[%clk 0:00:12]} 42. Ne5
{[%clk 0:00:27]} Qe6 {[%clk 0:00:13]} 43. Nc4 {[%clk 0:00:27]} 1-0

[Event "Blitz 2018"]
[Site "Saint-Petersburg"]
[Date "2018.12.29"]
[Round "7"]
[Board "79"]
[White "Levin Evgeny A. (RUS)"]
[Black "Shinkevich Vitaly (RUS)"]
[Result "1-0"]
[LiveChessVersion "1.4.8"]
[BlackElo "2445"]
[WhiteElo "2539"]

1. d4 {[%clk 0:03:02]} Nf6 {[%clk 0:03:03]} 2. Nf3 {[%clk 0:03:02]} c5
{[%clk 0:03:05]} 3. c3 {[%clk 0:02:47]} g6 {[%clk 0:03:03]} 4. Bg5
{[%clk 0:02:47]} Bg7 {[%clk 0:03:00]} 5. Nbd2 {[%clk 0:02:46]} O-O
{[%clk 0:03:00]} 6. Bxf6 {[%clk 0:02:20]} exf6 {[%clk 0:02:53]} 7. dxc5
{[%clk 0:02:20]} a5 {[%clk 0:02:49]} 8. a4 {[%clk 0:02:15]} Na6 {[%clk 0:02:39]}
9. Nb3 {[%clk 0:02:16]} b6 {[%clk 0:02:19]} 10. cxb6 {[%clk 0:02:08]} Qxb6
{[%clk 0:02:20]} 11. e3 {[%clk 0:02:08]} f5 {[%clk 0:02:16]} 12. Bc4
{[%clk 0:02:00]} f4 {[%clk 0:02:13]} 13. e4 {[%clk 0:01:44]} Bb7 {[%clk 0:02:07]}
14. O-O {[%clk 0:01:27]} Bxe4 {[%clk 0:02:07]} 15. Bd5 {[%clk 0:01:22]} Bxd5
{[%clk 0:02:05]} 16. Qxd5 {[%clk 0:01:23]} Nc7 {[%clk 0:02:04]} 17. Qd1
{[%clk 0:01:01]} Rab8 {[%clk 0:02:00]} 18. Nfd2 {[%clk 0:01:01]} d5
{[%clk 0:01:55]} 19. Qf3 {[%clk 0:00:59]} g5 {[%clk 0:01:27]} 20. h4
{[%clk 0:00:54]} h6 {[%clk 0:01:25]} 21. hxg5 {[%clk 0:00:44]} hxg5
{[%clk 0:01:27]} 22. Rfe1 {[%clk 0:00:41]} Bf6 {[%clk 0:01:22]} 23. Qd3
{[%clk 0:00:31]} Kg7 {[%clk 0:01:19]} 24. Nd4 {[%clk 0:00:30]} Bxd4
{[%clk 0:01:14]} 25. cxd4 {[%clk 0:00:31]} Ne6 {[%clk 0:01:15]} 26. Re5
{[%clk 0:00:24]} Qxb2 {[%clk 0:00:39]} 27. Rae1 {[%clk 0:00:25]} Qxd4
{[%clk 0:00:19]} 28. Rxg5+ {[%clk 0:00:25]} Kf6 {[%clk 0:00:09]} 29. Rxe6+
{[%clk 0:00:24]} fxe6 {[%clk 0:00:09]} 30. Qxd4+ {[%clk 0:00:19]} Kxg5
{[%clk 0:00:10]} 31. Qe5+ {[%clk 0:00:20]} Kg6 {[%clk 0:00:10]} 32. Qxe6+
{[%clk 0:00:21]} Rf6 {[%clk 0:00:11]} 33. Qxd5 {[%clk 0:00:20]} Kg7
{[%clk 0:00:04]} 34. Qg5+ {[%clk 0:00:21]} Kf7 {[%clk 0:00:05]} 35. Qd5+
{[%clk 0:00:21]} Kg7 {[%clk 0:00:06]} 36. Kf1 {[%clk 0:00:17]} Rbb6
{[%clk 0:00:06]} 37. Qd7+ {[%clk 0:00:17]} Kg6 {[%clk 0:00:06]} 38. Qd3+
{[%clk 0:00:15]} Kg7 {[%clk 0:00:07]} 39. Qd4 {[%clk 0:00:16]} Kf7
{[%clk 0:00:07]} 40. Ne4 {[%clk 0:00:10]} Rh6 {[%clk 0:00:06]} 41. Qd7+
{[%clk 0:00:11]} Kf8 {[%clk 0:00:06]} 42. Ng5 {[%clk 0:00:09]} Kg8
{[%clk 0:00:03]} 43. Qf7+ {[%clk 0:00:10]} 1-0

[Event "Blitz 2018"]
[Site "Saint-Petersburg"]
[Date "2018.12.29"]
[Round "7"]
[Board "80"]
[White "Iljin Artem (RUS)"]
[Black "Lobanov Sergei (RUS)"]
[Result "0-1"]
[LiveChessVersion "1.4.8"]
[BlackElo "2434"]
[WhiteElo "2525"]

1. Nf3 {[%clk 0:03:02]} Nf6 {[%clk 0:03:03]} 2. c4 {[%clk 0:03:03]} c6
{[%clk 0:03:03]} 3. e3 {[%clk 0:03:01]} d5 {[%clk 0:03:04]} 4. Nc3
{[%clk 0:02:58]} e6 {[%clk 0:03:04]} 5. b3 {[%clk 0:02:55]} Nbd7 {[%clk 0:03:04]}
6. Bb2 {[%clk 0:02:56]} Bd6 {[%clk 0:03:04]} 7. Qc2 {[%clk 0:02:56]} O-O
{[%clk 0:02:56]} 8. Rg1 {[%clk 0:02:53]} e5 {[%clk 0:02:30]} 9. g4
{[%clk 0:02:17]} e4 {[%clk 0:02:25]} 10. g5 {[%clk 0:02:06]} Ne8 {[%clk 0:01:42]}
11. Nd4 {[%clk 0:02:05]} Nc7 {[%clk 0:01:29]} 12. h4 {[%clk 0:01:31]} Ne5
{[%clk 0:01:20]} 13. Be2 {[%clk 0:01:15]} a6 {[%clk 0:01:19]} 14. f4
{[%clk 0:00:59]} exf3 {[%clk 0:00:53]} 15. Nxf3 {[%clk 0:01:00]} Nxf3+
{[%clk 0:00:44]} 16. Bxf3 {[%clk 0:01:01]} Be6 {[%clk 0:00:45]} 17. cxd5
{[%clk 0:00:52]} Nxd5 {[%clk 0:00:29]} 18. Nxd5 {[%clk 0:00:34]} cxd5
{[%clk 0:00:13]} 19. Qc3 {[%clk 0:00:35]} f6 {[%clk 0:00:14]} 20. gxf6
{[%clk 0:00:33]} g6 {[%clk 0:00:15]} 21. h5 {[%clk 0:00:26]} Kf7 {[%clk 0:00:16]}
22. hxg6+ {[%clk 0:00:24]} hxg6 {[%clk 0:00:18]} 23. Qd3 {[%clk 0:00:24]} Rg8
{[%clk 0:00:11]} 24. Ke2 {[%clk 0:00:15]} Qa5 {[%clk 0:00:07]} 25. Bh5
{[%clk 0:00:05]} Qb5 {[%clk 0:00:04]} 26. Qxb5 {[%clk 0:00:04]} axb5
{[%clk 0:00:05]} 27. Bf3 {[%clk 0:00:04]} Rh8 {[%clk 0:00:05]} 28. Rh1
{[%clk 0:00:04]} Rxh1 {[%clk 0:00:03]} 29. Rxh1 {[%clk 0:00:06]} Rxa2
{[%clk 0:00:05]} 30. Rh7+ Kf8 31. Bd4 {[%clk 0:00:06]} Bb4 {[%clk 0:00:06]} 32.
Rxb7 {[%clk 0:00:04]} Rxd2+ {[%clk 0:00:07]} 33. Kf1 {[%clk 0:00:04]} Bh3+
{[%clk 0:00:05]} 34. Kg1 {[%clk 0:00:05]} Bd6 {[%clk 0:00:05]} 35. Rxb5
{[%clk 0:00:04]} Rc2 {[%clk 0:00:06]} 36. Bxd5 {[%clk 0:00:04]} Bg3
{[%clk 0:00:06]} 37. Rb7 {[%clk 0:00:04]} Rc1# {[%clk 0:00:07]} 0-1

[Event "Blitz 2018"]
[Site "Saint-Petersburg"]
[Date "2018.12.29"]
[Round "7"]
[Board "81"]
[White "Tregubov Pavel V. (RUS)"]
[Black "Apryshko Gleb (RUS)"]
[Result "1-0"]
[LiveChessVersion "1.4.8"]
[BlackElo "2416"]
[WhiteElo "2516"]

1. d4 {[%clk 0:03:01]} d5 {[%clk 0:02:46]} 2. c4 {[%clk 0:03:02]} e6
{[%clk 0:02:47]} 3. Nc3 a6 4. cxd5 {[%clk 0:03:02]} exd5 {[%clk 0:02:50]} 5. Bf4
{[%clk 0:03:02]} Nf6 {[%clk 0:02:51]} 6. e3 {[%clk 0:03:03]} Bd6 {[%clk 0:02:53]}
7. Bxd6 Qxd6 {[%clk 0:02:54]} 8. Bd3 {[%clk 0:03:01]} O-O {[%clk 0:02:55]} 9.
Nge2 {[%clk 0:03:01]} Bg4 {[%clk 0:02:40]} 10. O-O {[%clk 0:02:58]} Re8
{[%clk 0:01:49]} 11. Qc2 {[%clk 0:02:52]} Bxe2 {[%clk 0:01:48]} 12. Nxe2
{[%clk 0:02:51]} Nc6 {[%clk 0:01:45]} 13. a3 {[%clk 0:02:51]} Nd8
{[%clk 0:01:37]} 14. Qb3 {[%clk 0:02:41]} Rb8 {[%clk 0:01:29]} 15. Rac1
{[%clk 0:02:39]} Ne6 {[%clk 0:01:30]} 16. Rc2 {[%clk 0:02:12]} g6
{[%clk 0:01:22]} 17. Rfc1 {[%clk 0:02:11]} Kg7 {[%clk 0:01:15]} 18. Ng3
{[%clk 0:02:03]} h5 {[%clk 0:01:13]} 19. h3 {[%clk 0:02:02]} Re7 {[%clk 0:00:48]}
20. Qb4 {[%clk 0:01:55]} Qxb4 {[%clk 0:00:45]} 21. axb4 {[%clk 0:01:56]} c6
{[%clk 0:00:44]} 22. Nf1 {[%clk 0:01:52]} Ne8 {[%clk 0:00:21]} 23. Nd2
{[%clk 0:01:52]} f5 {[%clk 0:00:22]} 24. Nf3 {[%clk 0:01:41]} Nd6
{[%clk 0:00:20]} 25. h4 {[%clk 0:01:36]} Nd8 {[%clk 0:00:11]} 26. g3
{[%clk 0:01:34]} N8f7 {[%clk 0:00:12]} 27. Kg2 {[%clk 0:01:33]} Kf6
{[%clk 0:00:14]} 28. Nd2 {[%clk 0:01:22]} Ne4 {[%clk 0:00:12]} 29. Nb3
{[%clk 0:01:13]} Kg7 {[%clk 0:00:13]} 30. Na5 {[%clk 0:01:07]} Nfd6
{[%clk 0:00:13]} 31. Bxa6 {[%clk 0:00:59]} bxa6 {[%clk 0:00:14]} 32. Nxc6
{[%clk 0:00:59]} Reb7 {[%clk 0:00:15]} 33. Nxb8 {[%clk 0:01:00]} Rxb8
{[%clk 0:00:17]} 34. Rc7+ {[%clk 0:00:51]} Nf7 {[%clk 0:00:12]} 35. Rd7
{[%clk 0:00:39]} Ned6 {[%clk 0:00:08]} 36. Rc6 {[%clk 0:00:36]} Kf6
{[%clk 0:00:03]} 37. Rdxd6+ {[%clk 0:00:36]} 1-0

[Event "Blitz 2018"]
[Site "Saint-Petersburg"]
[Date "2018.12.29"]
[Round "7"]
[Board "82"]
[White "Anikonov Dmitry (RUS)"]
[Black "Tissir Mohamed (MAR)"]
[Result "0-1"]
[LiveChessVersion "1.4.8"]
[BlackElo "2381"]
[WhiteElo "2511"]

1. d4 {[%clk 0:03:03]} e6 {[%clk 0:03:03]} 2. c4 {[%clk 0:03:04]} c5
{[%clk 0:03:05]} 3. d5 {[%clk 0:03:05]} exd5 {[%clk 0:03:06]} 4. cxd5
{[%clk 0:03:05]} d6 {[%clk 0:03:07]} 5. Nc3 {[%clk 0:03:05]} Ne7 {[%clk 0:03:08]}
6. Bf4 {[%clk 0:02:55]} Ng6 {[%clk 0:03:06]} 7. Bg3 {[%clk 0:02:55]} Be7
{[%clk 0:03:07]} 8. e4 {[%clk 0:02:54]} O-O {[%clk 0:03:08]} 9. Nf3 a6 10. a4
{[%clk 0:02:52]} Re8 {[%clk 0:02:53]} 11. Bd3 {[%clk 0:02:48]} Nd7
{[%clk 0:02:27]} 12. O-O {[%clk 0:02:47]} Nf6 {[%clk 0:02:29]} 13. Nd2
{[%clk 0:02:43]} Bg4 {[%clk 0:01:56]} 14. Qb3 {[%clk 0:02:24]} Rb8
{[%clk 0:01:52]} 15. Nc4 {[%clk 0:02:04]} Nh5 {[%clk 0:01:52]} 16. a5
{[%clk 0:01:28]} Nhf4 {[%clk 0:01:47]} 17. Qc2 {[%clk 0:01:25]} Bf6
{[%clk 0:00:54]} 18. Qd2 {[%clk 0:01:13]} Bg5 {[%clk 0:00:49]} 19. Qc2
{[%clk 0:01:15]} Bf6 {[%clk 0:00:46]} 20. Rae1 {[%clk 0:01:08]} h5
{[%clk 0:00:39]} 21. f3 {[%clk 0:01:06]} Bc8 {[%clk 0:00:38]} 22. Ne2
{[%clk 0:00:58]} Nxe2+ {[%clk 0:00:33]} 23. Rxe2 {[%clk 0:00:59]} h4
{[%clk 0:00:33]} 24. Bf2 {[%clk 0:00:56]} Nf4 {[%clk 0:00:31]} 25. Ree1
{[%clk 0:00:58]} Bd4 {[%clk 0:00:25]} 26. Bxd4 {[%clk 0:00:49]} cxd4
{[%clk 0:00:26]} 27. Rf2 {[%clk 0:00:42]} Qf6 {[%clk 0:00:25]} 28. Bf1
{[%clk 0:00:41]} Bd7 {[%clk 0:00:27]} 29. Nb6 {[%clk 0:00:37]} Rbd8
{[%clk 0:00:23]} 30. Qd2 {[%clk 0:00:38]} Bb5 {[%clk 0:00:23]} 31. Bxb5
{[%clk 0:00:32]} axb5 {[%clk 0:00:24]} 32. Rd1 {[%clk 0:00:33]} d3
{[%clk 0:00:25]} 33. Qc3 {[%clk 0:00:24]} Ne2+ {[%clk 0:00:17]} 34. Rxe2
{[%clk 0:00:24]} dxe2 {[%clk 0:00:18]} 35. Re1 {[%clk 0:00:21]} Qg5
{[%clk 0:00:14]} 36. Rxe2 f5 37. Qe3 {[%clk 0:00:14]} Qf6 {[%clk 0:00:16]} 38.
Qc3 {[%clk 0:00:13]} Qg6 {[%clk 0:00:16]} 39. e5 {[%clk 0:00:11]} dxe5
{[%clk 0:00:16]} 40. Rd2 {[%clk 0:00:12]} e4 {[%clk 0:00:16]} 41. f4
{[%clk 0:00:09]} e3 {[%clk 0:00:17]} 42. Re2 {[%clk 0:00:10]} Qg4
{[%clk 0:00:14]} 43. Rxe3 {[%clk 0:00:05]} Qxf4 44. Rf3 {[%clk 0:00:03]} Qd6
{[%clk 0:00:10]} 45. Qd2 {[%clk 0:00:04]} Re4 {[%clk 0:00:10]} 46. Kf2
{[%clk 0:00:04]} Rde8 {[%clk 0:00:12]} 47. Qc3 {[%clk 0:00:05]} Re2+
{[%clk 0:00:12]} 48. Kf1 {[%clk 0:00:07]} Qxh2 {[%clk 0:00:11]} 49. Rh3
{[%clk 0:00:06]} Qxg2# {[%clk 0:00:12]} 0-1

[Event "Blitz 2018"]
[Site "Saint-Petersburg"]
[Date "2018.12.29"]
[Round "7"]
[Board "83"]
[White "Hirneise Jens (GER)"]
[Black "Sokolin Leonid (USA)"]
[Result "0-1"]
[LiveChessVersion "1.4.8"]
[BlackElo "2508"]
[WhiteElo "2363"]

1. e4 {[%clk 0:03:03]} c5 {[%clk 0:03:02]} 2. Nf3 {[%clk 0:03:04]} Nc6
{[%clk 0:03:04]} 3. d4 {[%clk 0:03:05]} cxd4 {[%clk 0:03:05]} 4. Nxd4
{[%clk 0:03:06]} Qb6 {[%clk 0:03:06]} 5. Nb3 {[%clk 0:03:07]} Nf6
{[%clk 0:03:06]} 6. Nc3 {[%clk 0:03:08]} e6 {[%clk 0:03:08]} 7. Qe2
{[%clk 0:03:09]} Bb4 {[%clk 0:03:06]} 8. Bd2 {[%clk 0:03:04]} a5 {[%clk 0:03:07]}
9. a4 {[%clk 0:03:00]} O-O {[%clk 0:02:58]} 10. O-O-O {[%clk 0:02:56]} d5
{[%clk 0:02:57]} 11. exd5 {[%clk 0:02:47]} exd5 {[%clk 0:02:56]} 12. Be3
{[%clk 0:02:38]} Qd8 {[%clk 0:02:49]} 13. Nb5 {[%clk 0:02:30]} Re8
{[%clk 0:02:39]} 14. h3 {[%clk 0:02:19]} Bf5 {[%clk 0:02:03]} 15. Qf3
{[%clk 0:02:12]} Be4 {[%clk 0:01:59]} 16. Qg3 {[%clk 0:02:08]} Rc8
{[%clk 0:01:59]} 17. c3 {[%clk 0:01:42]} Bf8 {[%clk 0:01:54]} 18. Bd3
{[%clk 0:01:40]} Nb4 {[%clk 0:01:38]} 19. Bxe4 {[%clk 0:01:32]} Nxe4
{[%clk 0:01:29]} 20. Qf3 {[%clk 0:01:26]} Nc6 {[%clk 0:01:22]} 21. Qh5
{[%clk 0:01:00]} Ne5 {[%clk 0:01:14]} 22. Qe2 {[%clk 0:00:44]} Nc4
{[%clk 0:01:08]} 23. Qd3 {[%clk 0:00:33]} Nxe3 {[%clk 0:01:07]} 24. Qxe3
{[%clk 0:00:21]} Nxc3 {[%clk 0:01:04]} 25. Qxc3 {[%clk 0:00:21]} Rxc3+
{[%clk 0:01:05]} 26. Nxc3 {[%clk 0:00:22]} Qb6 {[%clk 0:00:58]} 27. Nd4
{[%clk 0:00:06]} Bb4 {[%clk 0:00:45]} 28. Ncb5 {[%clk 0:00:06]} g6
{[%clk 0:00:41]} 29. Kb1 {[%clk 0:00:07]} Bc5 {[%clk 0:00:41]} 30. Rd3
{[%clk 0:00:04]} Re4 {[%clk 0:00:42]} 31. Rhd1 {[%clk 0:00:05]} Qf6
{[%clk 0:00:42]} 32. f3 {[%clk 0:00:06]} Re8 {[%clk 0:00:40]} 33. Nb3
{[%clk 0:00:07]} Bf8 {[%clk 0:00:39]} 34. Nxa5 {[%clk 0:00:05]} Re2
{[%clk 0:00:38]} 35. R3d2 {[%clk 0:00:05]} Qf5+ {[%clk 0:00:34]} 36. Ka2
{[%clk 0:00:04]} Rxd2 {[%clk 0:00:35]} 37. Rxd2 {[%clk 0:00:06]} Bb4
{[%clk 0:00:36]} 38. Nd4 {[%clk 0:00:04]} Qd7 {[%clk 0:00:35]} 39. Ndb3
{[%clk 0:00:03]} Bxd2 {[%clk 0:00:35]} 40. Nxd2 {[%clk 0:00:03]} Qxa4+
{[%clk 0:00:37]} 0-1

[Event "Blitz 2018"]
[Site "Saint-Petersburg"]
[Date "2018.12.29"]
[Round "7"]
[Board "84"]
[White "Dubrovin Robert (EST)"]
[Black "Potkin Vladimir (RUS)"]
[Result "0-1"]
[LiveChessVersion "1.4.8"]
[BlackElo "2494"]
[WhiteElo "2176"]

1. d4 {[%clk 0:03:03]} Nf6 {[%clk 0:03:02]} 2. c4 {[%clk 0:03:05]} e6
{[%clk 0:03:03]} 3. Nc3 {[%clk 0:03:06]} Bb4 {[%clk 0:03:04]} 4. e3
{[%clk 0:03:08]} O-O 5. a3 Bxc3+ 6. bxc3 b6 {[%clk 0:03:05]} 7. Bd3
{[%clk 0:03:08]} Ba6 {[%clk 0:03:04]} 8. e4 {[%clk 0:02:59]} Ne8 {[%clk 0:03:04]}
9. f4 {[%clk 0:02:54]} Nc6 {[%clk 0:02:56]} 10. Nf3 {[%clk 0:02:47]} Na5
{[%clk 0:02:57]} 11. Qe2 {[%clk 0:02:47]} f5 {[%clk 0:02:37]} 12. e5
{[%clk 0:02:39]} d5 {[%clk 0:02:11]} 13. cxd5 {[%clk 0:01:52]} Bxd3 14. Qxd3 Qxd5
{[%clk 0:02:11]} 15. a4 {[%clk 0:01:49]} c5 {[%clk 0:02:05]} 16. O-O
{[%clk 0:01:46]} Nc7 {[%clk 0:02:03]} 17. Be3 {[%clk 0:01:32]} Rfd8
{[%clk 0:01:52]} 18. Rad1 {[%clk 0:01:33]} Qc4 {[%clk 0:01:45]} 19. Qxc4
{[%clk 0:01:25]} Nxc4 {[%clk 0:01:45]} 20. Bf2 {[%clk 0:01:26]} cxd4
{[%clk 0:01:29]} 21. Nxd4 {[%clk 0:01:22]} Kf7 {[%clk 0:01:22]} 22. Nc6
{[%clk 0:01:20]} Rd5 {[%clk 0:01:14]} 23. Nb4 {[%clk 0:01:21]} Rdd8
{[%clk 0:01:11]} 24. Nc6 {[%clk 0:01:23]} Rxd1 {[%clk 0:01:12]} 25. Rxd1
{[%clk 0:01:25]} Nd5 {[%clk 0:01:11]} 26. Nb4 {[%clk 0:00:46]} Nxf4
{[%clk 0:00:55]} 27. Rd7+ {[%clk 0:00:46]} Kg6 {[%clk 0:00:57]} 28. Nc6
{[%clk 0:00:42]} a5 {[%clk 0:00:48]} 29. Nd4 {[%clk 0:00:33]} Re8
{[%clk 0:00:43]} 30. Rb7 {[%clk 0:00:32]} Nd5 {[%clk 0:00:43]} 31. Nb5
{[%clk 0:00:26]} Nxe5 {[%clk 0:00:40]} 32. Bxb6 {[%clk 0:00:22]} Nxb6
{[%clk 0:00:38]} 33. Rxb6 {[%clk 0:00:23]} f4 {[%clk 0:00:27]} 34. Nd4
{[%clk 0:00:24]} Kf6 {[%clk 0:00:28]} 35. Ra6 {[%clk 0:00:20]} Nc4
{[%clk 0:00:28]} 36. Rc6 Ne3 {[%clk 0:00:29]} 37. Kf2 {[%clk 0:00:16]} g5
{[%clk 0:00:29]} 38. Kf3 {[%clk 0:00:15]} Nf5 {[%clk 0:00:27]} 39. Nb5
{[%clk 0:00:14]} Rd8 {[%clk 0:00:25]} 40. Nc7 {[%clk 0:00:14]} Rd3+
{[%clk 0:00:26]} 41. Kf2 {[%clk 0:00:14]} Nd6 {[%clk 0:00:09]} 42. c4
{[%clk 0:00:09]} Ke7 {[%clk 0:00:09]} 43. c5 {[%clk 0:00:08]} Ne4+
{[%clk 0:00:11]} 44. Ke2 {[%clk 0:00:07]} Re3+ {[%clk 0:00:12]} 45. Kd1
{[%clk 0:00:07]} Kd7 {[%clk 0:00:13]} 46. Rxe6 {[%clk 0:00:04]} Kxc7 47. Re7+ Kc6
{[%clk 0:00:14]} 48. Rxh7 {[%clk 0:00:07]} Kxc5 {[%clk 0:00:15]} 49. h4
{[%clk 0:00:07]} g4 {[%clk 0:00:14]} 50. h5 {[%clk 0:00:07]} f3 {[%clk 0:00:15]}
51. gxf3 {[%clk 0:00:08]} gxf3 {[%clk 0:00:16]} 52. Rf7 {[%clk 0:00:10]} f2
{[%clk 0:00:16]} 53. h6 {[%clk 0:00:10]} Re1+ 54. Kxe1 0-1